Landen in een Penrose-Betegeling van de Wereldkaart - Statistieken

Algemene statistieken
  • Deze quiz is 611 keer genomen
  • De gemiddelde score is 161 van 181
Antwoorden op de kaart
Antwoorden kleurgecodeerd door een groen-rode schaal op de quizkaart volgens % correct hieronder.
 
Antwoordstatistieken
Landen % Correct
Afghanistan | China | India | Iran | Nepal | Pakistan | Tadzjikistan | Turkmenistan
98%
Bangladesh | Bhutan | Cambodja | China | India | Laos | Myanmar | Nepal | Thailand | Vietnam
98%
België | Duitsland | Frankrijk | Luxemburg | Nederland | Portugal | Spanje
98%
Belize | Cuba | El Salvador | Guatemala | Honduras | Mexico | Nicaragua | Verenigde Staten
98%
Bhutan | China | India | Myanmar
98%
Brazilië | Colombia | Grenada | Guyana | Nederland | Suriname | Trinidad en Tobago | Venezuela
98%
Canada | Verenigde Staten
98%
China | India | Nepal | Pakistan
98%
China | Japan | Rusland
98%
China | Kazachstan | Kirgizië | Oezbekistan | Rusland | Tadzjikistan | Turkmenistan
98%
China | Kazachstan | Kirgizië | Rusland
98%
China | Mongolië | Noord-Korea | Rusland
98%
China | Mongolië | Rusland
98%
Afghanistan | Armenië | Azerbeidzjan | China | Iran | Kazachstan | Kirgizië | Oezbekistan | Tadzjikistan | Turkije | Turkmenistan
97%
Albanië | Algerije | Andorra | Bosnië en Herzegovina | Duitsland | Frankrijk | Hongarije | Italië | Kosovo | Kroatië | Malta | Monaco | Montenegro | Noord-Macedonië | Oostenrijk | San Marino | Servië | Slovenië | Spanje | Tsjechië | Tunesië | Vaticaanstad | Zwitserland
97%
Armenië | Azerbeidzjan | Georgië | Kazachstan | Oekraïne | Oezbekistan | Rusland | Turkije | Turkmenistan
97%
Bahama's | Cuba | Dominicaanse Republiek | Haïti | Jamaica | Verenigde Staten
97%
Bahama's | Mexico | Verenigde Staten
97%
Belarus | Denemarken | Duitsland | Estland | Finland | Letland | Litouwen | Noorwegen | Oekraïne | Polen | Rusland | Zweden
97%
Belarus | Finland | Oekraïne | Rusland | Turkije
97%
Bulgarije | Duitsland | Hongarije | Kroatië | Moldavië | Oostenrijk | Polen | Roemenië | Rusland | Servië | Slowakije | Tsjechië | Turkije | Oekraïne
97%
Cambodja | China | Filipijnen | Laos | Taiwan | Thailand | Vietnam
97%
China
97%
China | Kazachstan | Kirgizië
97%
China | Noord-Korea | Zuid-Korea
97%
Denemarken | Duitsland | Ierland | Nederland | Noorwegen | Verenigd Koninkrijk
97%
Finland | Noorwegen | Rusland | Zweden
97%
Kazachstan | Mongolië | Rusland
97%
Mexico | Verenigde Staten
97%
Brazilië | Frankrijk | Guyana | Suriname
96%
Canada | Denemarken
96%
Egypte | Irak | Iran | Israël | Jordanië | Koeweit | Libanon | Saoedi-Arabië | Soedan | Syrië | Turkije
96%
Finland | Rusland
96%
Kazachstan | Rusland
96%
Rusland
96%
Algerije | Marokko | Portugal | Spanje | Tunesië
95%
Argentinië | Bolivia | Brazilië | Chili | Paraguay
95%
Argentinië | Brazilië | Paraguay | Uruguay
95%
Australië | Frankrijk | Vanuatu
95%
Australië | Indonesië | Oost-Timor
95%
Australië | Indonesië | Palau | Papoea-Nieuw-Guinea
95%
Australië | Papoea-Nieuw-Guinea | Salomonseilanden
95%
Bolivia | Brazilië
95%
Bolivia | Brazilië | Ecuador | Peru
95%
Botswana | Madagaskar | Mozambique | Namibië | Zambia | Zimbabwe | Zuid-Afrika
95%
Brazilië | Colombia | Ecuador | Peru
95%
Canada
95%
Centraal-Afrikaanse Republiek | Democratische Republiek Congo | Equatoriaal-Guinea | Gabon | Kameroen | Nigeria | Republiek Congo | Soedan | Tsjaad | Zuid-Soedan
95%
Comoren | Democratische Republiek Congo | Frankrijk | Madagaskar | Malawi | Mozambique | Tanzania | Zambia | Zimbabwe
95%
Verenigde Staten
95%
Argentinië | Chili | Uruguay
94%
Australië
94%
Australië | Nieuw-Zeeland
94%
Brazilië
94%
Eswatini | Madagaskar | Mozambique | Zuid-Afrika
94%
Algerije | Benin | Burkina Faso | Ghana | Guinee | Ivoorkust | Mali | Mauritanië | Niger | Nigeria | Senegal | Togo
93%
Algerije | Libië | Mali | Niger | Nigeria | Tsjaad | Tunesië
93%
Algerije | Mali | Marokko | Mauritanië | Tunesië
93%
Algerije | Marokko | Mauritanië | Spanje
93%
Argentinië | Chili
93%
Botswana | Lesotho | Namibië | Zuid-Afrika
93%
Brunei | Cambodja | Filipijnen | Indonesië | Maleisië | Palau | Vietnam
93%
Burundi | Democratische Republiek Congo | Eritrea | Ethiopië | Kenia | Oeganda | Rwanda | Soedan | Tanzania | Zuid-Soedan
93%
Albanië | Bulgarije | Cyprus | Egypte | Griekenland | Libië | Malta | Noord-Macedonië | Servië | Syrië | Tunesië | Turkije
92%
Angola | Botswana | Democratische Republiek Congo | Namibië | Zambia | Zimbabwe
92%
Burundi | Democratische Republiek Congo | Ethiopië | Kenia | Somalië | Tanzania
92%
Cambodja | Indonesië | Maleisië | Myanmar | Thailand | Vietnam
92%
Centraal-Afrikaanse Republiek | Eritrea | Kameroen | Libië | Niger | Nigeria | Soedan | Tsjaad | Zuid-Soedan
92%
Colombia | Costa Rica | Nederland | Nicaragua | Panama | Venezuela
92%
Namibië | Zuid-Afrika
92%
Bahrein | Iran | Jemen | Oman | Pakistan | Qatar | Saoedi-Arabië | Verenigde Arabische Emiraten
91%
Egypte | Libië | Soedan | Tunesië
91%
India | Maldiven
91%
Indonesië | Sri Lanka
91%
Zuid-Afrika
91%
Frankrijk | Madagaskar | Mauritius
90%
Indonesië | Oost-Timor | Palau
90%
Angola | Democratische Republiek Congo | Gabon | Republiek Congo
89%
India | Pakistan
89%
Indonesië
89%
Indonesië | Maleisië | Singapore
89%
Japan
89%
Afghanistan | Irak | Iran | Pakistan | Syrië | Turkije
88%
Benin | Equatoriaal-Guinea | Gabon | Ghana | Ivoorkust | Kameroen | Nigeria | Sao Tomé en Principe | Togo
88%
Djibouti | Eritrea | Ethiopië | Jemen | Saoedi-Arabië | Somalië
88%
Mexico
88%
Ierland | Verenigd Koninkrijk
87%
Denemarken | IJsland
86%
Madagaskar | Seychellen
84%
Gambia | Guinee | Guinee-Bissau | Ivoorkust | Liberia | Mauritanië | Senegal | Sierra Leone
82%
IJsland
82%
Fiji | Samoa | Tonga | Tuvalu
78%
Kiribati | Marshalleilanden | Micronesia | Nauru
78%
Kiribati | Nauru | Samoa | Tuvalu
78%
Denemarken
77%
Micronesia | Palau | Papoea-Nieuw-Guinea
75%
Antigua en Barbuda | Dominica | Frankrijk | Saint Kitts en Nevis
72%
Barbados | Frankrijk | Saint Lucia | Saint Vincent en de Grenadines
72%
Micronesia | Palau
71%
Nieuw-Zeeland
71%
Costa Rica | Nicaragua
69%
Kiribati
68%
Micronesia
65%
Maldiven
64%
Verenigd Koninkrijk
63%
Salomonseilanden | Vanuatu
62%
Marshalleilanden
53%
Palau
53%
Kaapverdië
49%
Portugal
37%
Ecuador
21%
Geen overeenkomende quizzen gevonden
Scoreverdeling
Procent van Mensen met Elke Score
Percentiel versus Aantal Correcte Antwoorden
Uw Scoregeschiedenis
U heeft deze quiz nog niet genomen